| 000 | 00448nam a2200181Ia 4500 | ||
|---|---|---|---|
| 001 | 20642 | ||
| 003 | IN-NITTTR | ||
| 005 | 20251114233236.0 | ||
| 008 | 251113s9999||||xx |||||||||||||| ||eng|| | ||
| 040 | _beng | ||
| 040 | _cIN-NITTTR | ||
| 041 | _aeng | ||
| 082 | _a005.133 F914L | ||
| 100 | _aFriedman, Daniel P. | ||
| 245 | 4 |
_aThe little LISper / _cFriedman,Daniel P., Felleisen, Matthias |
|
| 700 | _a Felleisen, Matthias | ||
| 942 |
_2ddc _cBK |
||
| 999 |
_c23272 _d23272 |
||